000
00351nam a2200133Ia 4500
003
GCL
008
140319s9999 xx 000 0 ara d
040
_a
GCL /
_c
GCL
082
0
4
_a
133.4
_b
ا س
245
1
0
_a
السحر: حقيقتة- انواعة- الوقاية منة
260
_a
[S.N] :
_b
جروس برس ،
_c
1991
300
_a
154 ص
490
_a
999
_c
59144
_d
59144